[Event "8e Festival de Vaujany 2017 - accession"]
[Site "?"]
[Date "2017.07.20"]
[Round "8.7"]
[White "Koltai, Dora"]
[Black "Billotti, Romain"]
[Result "1-0"]
[WhiteElo "1693"]
[BlackElo "1828"]
[PlyCount "27"]
[SourceDate "2017.07.14"]

1. e4 c5 2. Nf3 Nc6 3. c3 d5 4. exd5 Qxd5 5. d4 Bg4 6. Be2 cxd4 7. cxd4 Nf6 8.
Nc3 Qd7 9. d5 Bxf3 10. gxf3 O-O-O 11. dxc6 Qxc6 12. Qb3 e6 13. Bf4 b6 14. Ba6+
1-0

[Event "8e Festival de Vaujany 2017 - accession"]
[Site "?"]
[Date "2017.07.20"]
[Round "8.8"]
[White "Drillat, Michel"]
[Black "Joachim, Rodny"]
[Result "1-0"]
[WhiteElo "1865"]
[BlackElo "1685"]
[PlyCount "45"]
[SourceDate "2017.07.14"]

1. d4 Nf6 2. c4 g6 3. Nc3 Bg7 4. e4 d6 5. f3 O-O 6. Be3 e5 7. Nge2 Qe7 8. Qd2
c5 9. d5 Ne8 10. g4 f5 11. gxf5 gxf5 12. O-O-O Qh4 13. Bg5 Qh5 14. Ng3 Qg6 15.
Nxf5 Bxf5 16. exf5 Rxf5 17. h4 Rf7 18. h5 Qf5 19. Bh3 Qxf3 20. Be6 Kh8 21. Bxf7
Qxf7 22. Rdf1 Nf6 23. h6 1-0

[Event "8e Festival de Vaujany 2017 - accession"]
[Site "?"]
[Date "2017.07.20"]
[Round "8.9"]
[White "Lees, Jean Pierre"]
[Black "Masalles, Pierre"]
[Result "0-1"]
[WhiteElo "1770"]
[BlackElo "1719"]
[PlyCount "88"]
[SourceDate "2017.07.14"]

1. d4 Nf6 2. c4 g6 3. Nc3 Bg7 4. e4 d6 5. Be2 O-O 6. Bg5 h6 7. Be3 e5 8. d5 a5
{pour developper le C en a6 sans craindre a3 et b4} (8... Nbd7) (8... c6 9. h4
(9. Qd2) 9... cxd5 10. cxd5 Nbd7 11. h5 g5 12. f3 a6 13. g4 b5 14. a4 b4 15.
Nb1 a5 16. Nd2 Nc5 17. Bxc5 dxc5 18. Bb5 Bb7 19. Ne2 Ne8 20. Bxe8 Rxe8 21. Nc4
Ba6 22. Qb3 Qf6 23. Rc1 Bf8 24. Ng3 Bc8 25. O-O Rd8 26. Kg2 Ra7 27. Rf2 Kh7 28.
Rfc2 Qa6 29. Nxe5 Rc7 30. Nc4 Bg7 31. Qd3 Kg8 32. Rd2 Re7 33. e5 Bxe5 34. Nxe5
Rxe5 35. Qxa6 Bxa6 36. Rxc5 Bc8 37. Rxa5 f5 38. gxf5 Bxf5 39. Nxf5 Rxf5 40. Rb5
Rdf8 41. d6 Rxb5 42. axb5 Kf7 43. d7 {1-0 (43) Petrosian,T-Schweber,S
Stockholm 1962}) 9. g4 (9. Qd2 Kh7 10. f3 Na6 11. g4) 9... g5 10. f3 Nh7 11.
Bd3 Re8 12. Qd2 Nd7 13. Qf2 Bf6 14. Nge2 Ndf8 15. Ng3 Ng6 16. c5 Nf4 17. Bb5
Bd7 18. Qc2 c6 19. Bc4 dxc5 20. dxc6 Bxc6 21. Nf5 Bg7 22. Bxc5 Ne6 23. Rd1 Qf6
24. Bb6 Bf8 25. Qf2 Bb4 26. a3 Bf8 27. Nd6 Bxd6 28. Rxd6 Nhf8 29. O-O Nd7 30.
Nd5 Qg7 31. Rd1 Nxb6 32. Qxb6 $6 (32. Nxb6) 32... Bxd5 33. Bxd5 $2 (33. R6xd5)
33... Ra6 34. Rxe6 Rxb6 35. Rxe8+ $2 (35. Rxb6 $142 Re7 36. Bxb7) 35... Kh7 36.
Rc1 Rf6 37. Kg2 h5 38. Rcc8 hxg4 39. fxg4 Rb6 40. b3 Rf6 41. Rc3 Rf4 42. h3 Qf6
43. Bc4 Rf2+ 44. Kg1 Qf4 0-1

[Event "8e Festival de Vaujany 2017 - accession"]
[Site "?"]
[Date "2017.07.20"]
[Round "8.10"]
[White "De Muyser, Xavier"]
[Black "Meddouri Bernard, Edouard"]
[Result "1-0"]
[WhiteElo "1750"]
[BlackElo "1572"]
[PlyCount "61"]
[SourceDate "2017.07.14"]

1. Nf3 Nf6 2. g3 g6 3. Bg2 Bg7 4. O-O O-O 5. c4 c6 6. Nc3 (6. d4 d5) 6... d5 7.
d4 dxc4 8. Ne5 Nfd7 (8... Be6 9. e4 Nbd7 (9... Nfd7 10. Nxd7 Qxd7 11. Be3 Bg4
12. f3 Bh3 13. Bxh3 Qxh3 14. Qe2 b5 15. a4 Qd7 16. Rfd1 Qb7 17. d5 a6 18. Kg2
cxd5 19. Rxd5 e6 20. Rd6 Nc6 21. Rad1 Rfd8 22. Qd2 Rxd6 23. Qxd6 b4 {0-1 (23)
Reilly,B-Alekhine,A Warsaw 1935}) 10. f4 Qb6 11. f5 gxf5 12. exf5 Bd5 13. Nxd5
cxd5 14. Nxd7 Nxd7 15. Bxd5 Rad8 16. Be3 Qxb2 17. Bxc4 Nb6 18. Bb3 Rxd4 19. Qh5
Re4 20. f6 Rxe3 21. Qg5 Rxg3+ 22. Qxg3 exf6 23. Rad1 Kh8 24. Kh1 Bh6 25. Qd6
Bg7 26. Qe7 Qe5 27. Qxb7 f5 28. Rde1 Qf6 29. Qf3 Qc3 30. Qxf5 Nc8 31. Bc2 Qc6+
32. Rf3 Qg6 33. Qxg6 hxg6 34. Bxg6 Kg8 35. Bxf7+ {1-0 (35) Alekhine,
A-Bogoljubow,E GER/NLD 1929 MainBase [ChessBase]}) (8... Ng4 9. Nxg4 Bxg4 10.
h3 Be6 11. e3) (8... Nbd7 9. Nxc4 Nb6 10. Ne5) 9. Nxc4 c5 10. d5 Nb6 11. Na3 a6
(11... Na6) 12. Be3 c4 13. Bd4 e5 14. Bxb6 Qxb6 15. Nxc4 Qc5 16. Nd2 f5 17. Qb3
e4 18. Na4 Qd4 19. Rfd1 b5 20. Nc3 Qb6 21. Nc4 Qd8 22. Ne3 Qd6 23. Rac1 b4 24.
Na4 f4 25. Nc4 Qf6 26. Bxe4 fxg3 27. Qxg3 Bh6 28. e3 Bf5 29. Bxf5 Qxf5 30. Ne5
Qe4 31. Rc4 1-0

[Event "8e Festival de Vaujany 2017 - accession"]
[Site "?"]
[Date "2017.07.20"]
[Round "8.11"]
[White "Weisz, Jacques"]
[Black "Francois-Haugrin, Said"]
[Result "1-0"]
[WhiteElo "1743"]
[BlackElo "1515"]
[PlyCount "138"]
[SourceDate "2017.07.14"]

1. d4 Nf6 2. c4 c5 3. d5 b5 4. Nd2 bxc4 5. e4 d6 (5... c3 6. bxc3 g6 7. Ngf3
Bg7 8. Rb1 O-O 9. Bd3 d6) 6. Bxc4 g6 7. b3 Bg7 8. Bb2 O-O 9. Ngf3 Bg4 (9...
Nbd7 10. O-O) 10. O-O (10. Qc2 Nbd7 11. O-O) {Partie:} 10... Qa5 (10... Bc8 11.
h3 Nbd7 12. Bd3 $14 {[%eval 50,17]}) (10... Nh5 11. Bxg7 Kxg7 12. h3 $14 {
[%eval 54,19]} (12. Qc1 $14 {[%eval 52,17]})) (10... Bxf3 11. Qxf3 (11. Nxf3
Nxe4 12. Bxg7 $15 {[%eval -38,18]}) 11... Nxe4 $11 {[%eval -6,20]} 12. Bxg7 $11
{[%eval -5,23]} Nxd2 13. Qd3 Nxf1 14. Bxf8 Nxh2 15. Bh6 Ng4) (10... Nbd7 11.
Qc2 (11. Qe2) 11... Nb6 12. Ba6 $14 {[%eval 33,18]} (12. Bb5 $14)) (10... Qc7)
11. Qc2 (11. Qe2 Nbd7 12. h3 $14 {[%eval 48,19]}) (11. Be2 Nbd7 12. Qc2 $14 {
[%eval 53,19]} (12. Nc4 $14)) 11... Nbd7 12. Rfe1 Qc7 13. h3 Bxf3 14. Nxf3 Nb6
15. Bf1 a5 16. Bb5 Rab8 17. a4 Nc8 18. Nd2 Na7 19. Bc4 Nd7 20. Bxg7 Kxg7 21. f4
Nb6 22. Qc3+ Kg8 23. Qxa5 Qd7 24. Qc3 Nxc4 25. Nxc4 Rb4 26. Rab1 Rfb8 27. Qd3
Qc7 28. f5 g5 29. Qg3 h6 30. h4 f6 31. hxg5 hxg5 32. Red1 Nc8 33. Qf3 Qd8 34.
Re1 Qf8 35. Na5 Na7 36. Qh5 Qf7 37. Qe2 Qh7 38. Qa6 Kf7 39. Qxa7 Rh8 40. Nc4
Qh2+ 41. Kf2 Qf4+ 42. Ke2 Rh2 (42... Qxe4+ 43. Kd1 Qd3+ 44. Kc1 Qc3+ 45. Kd1
Qd3+ 46. Kc1 Qc3+ 47. Kd1 Qd3+ $11) 43. Kd3 Rxg2 44. Re3 Qf2 45. Nxd6+ Kg8 46.
Qa8+ Kh7 47. Rh3+ Qh4 48. Rxh4+ gxh4 49. Nf7 Rg3+ 50. Kc2 Rg2+ 51. Kc3 Rg3+ 52.
Kd2 Rd4+ 53. Kc2 Rg2+ 54. Kc3 Rg3+ 55. Kb2 Rg8 56. Qb7 Rxe4 57. d6 Re2+ 58. Ka3
exd6 59. Nxd6+ Rg7 60. Qf3 Rgg2 61. Qh5+ Kg8 62. Qf7+ Kh8 63. Qxf6+ Kg8 64.
Qf7+ Kh8 65. Ra1 Rd2 66. Qf6+ Kg8 67. Ne4 Rde2 68. Ng5 Re7 69. Qxe7 Rf2 1-0

[Event "8e Festival de Vaujany 2017 - accession"]
[Site "?"]
[Date "2017.07.20"]
[Round "8.42"]
[White "Wantier, Didier"]
[Black "Shin , Jae Yeol"]
[Result "1-0"]
[WhiteElo "1313"]
[BlackElo "1824"]
[PlyCount "87"]
[SourceDate "2017.07.14"]

1. e4 e5 2. Bc4 Nc6 3. Nc3 Bc5 4. Nf3 d6 5. d3 Bg4 6. h3 Bh5 7. g4 Bg6 8. Na4
Bd4 9. Bb5 Nge7 10. Nxd4 exd4 11. b3 a6 12. Bxc6+ Nxc6 13. Bf4 d5 14. Nc5 b6
15. Na4 dxe4 16. Nb2 exd3 17. Nxd3 Qd5 18. O-O O-O 19. Bxc7 b5 20. Qd2 Rfe8 21.
Rae1 Qf3 22. Kh2 Be4 23. Rg1 Re6 24. Rg3 Qf6 25. Nc5 Re7 26. Nxe4 Qe6 27. Bd6
Ree8 28. c3 f5 29. gxf5 Qxf5 30. Rg5 dxc3 31. Qxc3 Qf7 32. Reg1 g6 33. Nf6+ Kg7
34. Nxe8+ Kh6 35. Nf6 Ne7 36. Bf4 Kg7 37. Nd5+ Kf8 38. Qd4 Rd8 39. Rd1 h6 40.
Re5 Nf5 41. Rxf5 Qxf5 42. Bxh6+ Ke8 43. Nc7+ Kf7 44. Qg7# 1-0

[Event "8e Festival de Vaujany 2017 - accession"]
[Site "?"]
[Date "2017.07.21"]
[Round "9.1"]
[White "Mars, Fiona"]
[Black "Marchat, Gerard"]
[Result "1/2-1/2"]
[WhiteElo "1739"]
[BlackElo "1723"]
[PlyCount "60"]
[SourceDate "2017.07.14"]

1. Nf3 d5 2. e3 Nf6 3. d4 c6 4. Bd3 Bg4 5. b3 e6 6. Bb2 Bb4+ 7. c3 Bd6 8. Nbd2
Nbd7 9. Qc2 Bh5 10. c4 O-O 11. Ne5 c5 12. O-O cxd4 13. exd4 dxc4 14. bxc4 Rc8
15. Ne4 Nxe4 16. Bxe4 Bxe5 17. dxe5 Bg6 18. Bxg6 hxg6 19. Ba3 Nc5 20. Rab1 b6
21. Rfd1 Qg5 22. Qe2 Rfd8 23. Rbc1 Rd7 24. g3 Rdc7 25. Rd4 Qe7 26. Rcd1 Qe8 27.
Qd2 Nb7 28. Rd7 Rxd7 29. Qxd7 Qxd7 30. Rxd7 Na5 1/2-1/2

[Event "8e Festival de Vaujany 2017 - accession"]
[Site "?"]
[Date "2017.07.21"]
[Round "9.2"]
[White "Kim , Yun Seo"]
[Black "Skomorokhina, Ekaterina"]
[Result "1-0"]
[WhiteElo "1763"]
[BlackElo "1814"]
[PlyCount "123"]
[SourceDate "2017.07.14"]

1. e4 c5 2. Nf3 d6 3. d4 cxd4 4. Nxd4 Nf6 5. Nc3 g6 6. Be3 Bg7 7. f3 Nc6 8. Qd2
O-O 9. O-O-O Bd7 10. g4 Rc8 11. h4 h5 12. g5 Ne8 13. f4 Na5 14. Kb1 Nc4 15.
Bxc4 Rxc4 16. Qd3 Rc8 17. f5 Be5 18. Rhf1 Ng7 19. fxg6 fxg6 20. Nd5 Ne6 21.
Nxe6 Bxe6 22. Bd4 Kh7 23. Bxe5 dxe5 24. Rxf8 Qxf8 25. Qa3 Bxd5 26. exd5 Rc7 27.
Qxa7 Qf3 28. Qg1 Rc4 29. Qh1 Qxh1 30. Rxh1 Rd4 31. c3 Rxd5 32. Kc2 Kg7 33. Rf1
b5 34. b3 Kg8 35. a4 bxa4 36. bxa4 e4 37. Kb3 e3 38. Re1 Kf7 39. Rxe3 Rd6 40.
a5 Ke8 41. Kb4 Kd7 42. Re4 Ke8 43. Rd4 Rc6 44. c4 e5 45. Re4 Re6 46. Kc5 Kd7
47. Kd5 Ra6 48. Rxe5 Rxa5+ 49. c5 Ra6 50. Re4 Ra1 51. c6+ Kd8 52. Re6 Rh1 53.
Rxg6 Rxh4 54. Rg8+ Kc7 55. Rg7+ Kc8 56. Rh7 Rh1 57. Ke6 h4 58. g6 Rg1 59. g7 h3
60. Rh8+ Kc7 61. g8=Q Rxg8 62. Rxg8 1-0

[Event "8e Festival de Vaujany 2017 - accession"]
[Site "?"]
[Date "2017.07.21"]
[Round "9.3"]
[White "Dreyfus, Jacques"]
[Black "Sesia, Noah"]
[Result "1/2-1/2"]
[WhiteElo "1712"]
[BlackElo "1723"]
[PlyCount "72"]
[SourceDate "2017.07.14"]

1. e4 c5 2. Nf3 d6 3. d4 Nf6 4. Nc3 cxd4 5. Nxd4 g6 6. f4 (6. Be3 Bg7 7. f3 O-O
8. Qd2) 6... Bg7 7. e5 dxe5 8. fxe5 Nfd7 9. e6 Ne5 10. Bb5+ Nbc6 11. exf7+ Kxf7
12. O-O+ Bf6 13. Bxc6 (13. Nxc6 bxc6 14. Ba4 Qb6+ 15. Kh1 Rd8 16. Qe1 Kg7 17.
Qe3) 13... Nxc6 14. Be3 Nxd4 15. Bxd4 Bf5 (15... Kg7 16. Bxf6+ exf6 17. Nd5 {
1/2-1/2 (17) Dyce,A-Bjerke,B Rimavska Sobota 1992}) 16. Bxf6 Qxd1 17. Nxd1 exf6
18. Ne3 Be6 19. Rad1 Rad8 20. b3 Rhe8 21. c4 b6 22. Rxd8 Rxd8 23. Rd1 Rxd1+ 24.
Nxd1 f5 25. Nc3 Bd7 26. Kf2 Bc6 27. g3 Ke6 28. Ke3 Ke5 29. h4 h6 30. Nb1 g5 31.
Nd2 f4+ 32. gxf4+ gxf4+ 33. Kd3 a6 34. a3 b5 35. cxb5 Bxb5+ 36. Nc4+ Bxc4+
1/2-1/2

[Event "8e Festival de Vaujany 2017 - accession"]
[Site "?"]
[Date "2017.07.21"]
[Round "9.4"]
[White "Chabaud, Mathis"]
[Black "Koltai, Dora"]
[Result "0-1"]
[WhiteElo "1671"]
[BlackElo "1693"]
[PlyCount "76"]
[SourceDate "2017.07.14"]

1. e4 e5 2. Nf3 Nf6 3. Nxe5 d6 4. Nf3 Nxe4 5. Nc3 Nf6 (5... Nxc3 6. dxc3 Be7)
6. d4 Be7 7. Be3 (7. Bd3 O-O (7... Bg4)) 7... O-O 8. Qd2 c6 9. O-O-O (9. a4 d5
10. Bd3 Bb4 11. O-O Ne4 12. Bxe4 dxe4 13. Ne5 f6 14. Nc4 Be6 15. Qe2 f5 16. g3
Nd7 17. f3 exf3 18. Rxf3 Qf6 19. Rd1 Qf7 20. Ne5 Nxe5 21. dxe5 Qh5 22. Rf4 Qxe2
23. Nxe2 a5 24. Bb6 g5 25. Rf2 Bd5 26. Be3 Rae8 27. Nd4 Rxe5 28. Bxg5 Bc5 29.
c3 Rfe8 30. Rdd2 Kf7 31. Bf4 Re4 32. Bc7 Kg6 33. Rf4 R4e7 34. Bxa5 Ba7 35. Kf1
Re1+ 36. Kf2 Rh1 37. c4 Rxh2+ 38. Kg1 Rh1+ 39. Kf2 Bxc4 40. g4 Kg5 41. Rxf5+
Kxg4 42. Kg2 Ree1 43. Nf3 Kxf5 44. Nxe1 Rxe1 45. Rf2+ Bxf2 {0-1 (45) Oussedik,
E (1980)-Plotkin,V (2202) Montreal 2008}) 9... Be6 10. Ng5 Bd5 11. h4 b5 12.
Bd3 Bc4 13. Bxc4 bxc4 14. d5 c5 15. Qe2 Nbd7 16. Qxc4 Rb8 17. f4 Rb4 18. Qe2
Qa8 19. Bd2 Qd8 20. Nce4 Rb7 21. h5 h6 22. Nh3 Nxe4 23. Qxe4 Bf6 24. c3 Qb6 25.
Qc2 c4 26. Kb1 Rfb8 27. Bc1 Qa5 28. Rd2 Bxc3 29. Re2 Nc5 30. Rd1 Na4 31. Rdd2 {
Partie:} Bxd2 (31... Bxb2 $8 32. Qxc4 Nc3+ 33. Kc2 $19 {[%eval -1833,18]}) (
31... Nxb2 32. Bxb2 (32. Qxb2 Bxd2 33. Ka1 {[%eval -32739,11]}) 32... Bxb2 33.
Qxb2 {[%eval -32733,11]} c3) 32. Qxd2 Qxd2 (32... c3 33. Qe1 $19 {[%eval -1209,
18]}) 33. Rxd2 c3 34. Rc2 Nxb2 35. Rxc3 Na4+ 36. Rb3 Rxb3+ 37. axb3 Rxb3+ 38.
Kc2 Rg3 0-1

[Event "8e Festival de Vaujany 2017 - accession"]
[Site "?"]
[Date "2017.07.21"]
[Round "9.5"]
[White "Weisz, Jacques"]
[Black "Gazik, Jakub"]
[Result "1-0"]
[WhiteElo "1745"]
[BlackElo "1715"]
[PlyCount "95"]
[SourceDate "2017.07.14"]

1. d4 Nf6 2. c4 e6 3. Nf3 b6 4. a3 Bb7 5. Nc3 Be7 (5... d5 $142) 6. Bg5 (6. d5
$142 O-O 7. e4 {et les blancs ot un avantage durable}) 6... O-O 7. e3 Ne4 8.
Bxe7 Qxe7 9. Rc1 f5 10. Bd3 Ng5 11. Be2 d6 12. Nxg5 Qxg5 13. Bf3 Bxf3 14. Qxf3
Nd7 15. O-O e5 16. Qc6 Nf6 17. dxe5 dxe5 18. Qe6+ Rf7 19. Qxe5 Re8 20. Qb5 Re6
21. Rcd1 Ne4 22. Nxe4 Rxe4 23. Qd5 Re8 24. Rd4 h6 25. Rfd1 Ref8 26. Qe6 Kh7 27.
Rd7 Rf6 28. Qe5 Rg6 29. g3 h5 30. Qf4 Qf6 31. R1d4 Rg4 32. Qxc7 h4 33. Qd6 hxg3
34. hxg3 Rxd4 35. Qxd4 Qg5 36. Rxa7 Rf6 37. Rb7 Rh6 38. Rxb6 Rh3 39. Kg2 Qh5
40. g4 Rh2+ 41. Kf1 Qh3+ 42. Ke2 Rh1 43. Kd2 Qf1 44. Kc3 Qxf2 45. Rb7 Rc1+ 46.
Kb4 Rxc4+ 47. Kxc4 Qc2+ 48. Kb4 1-0

[Event "8e Festival de Vaujany 2017 - accession"]
[Site "?"]
[Date "2017.07.21"]
[Round "9.6"]
[White "Vanhee, Lars"]
[Black "Drillat, Michel"]
[Result "1/2-1/2"]
[WhiteElo "1707"]
[BlackElo "1865"]
[PlyCount "243"]
[SourceDate "2017.07.14"]

1. d4 Nf6 2. Bg5 Ne4 3. Bf4 c5 4. f3 (4. d5 Qb6 5. Bc1 (5. Nd2 Qxb2 6. Nxe4 (6.
Rb1 Qf6 7. Nxe4 Qxf4 8. Nxc5 e6) 6... Qb4+ 7. Qd2 Qxe4 8. e3)) 4... Qa5+ 5. c3
Nf6 6. d5 (6. Nd2 cxd4 7. Nb3 Qb6 8. Qxd4 Nc6 9. Qxb6 axb6 10. Be3 (10. Nd4 e5
11. Nxc6 exf4 (11... dxc6 12. Bxe5 Be6 13. a3 b5) 12. Nd4) 10... b5 11. Nd4
Nxd4 (11... b4 12. Nb5 Ra4 13. Nc7+ Kd8 14. Bb6 bxc3 15. Ne6+ Ke8 16. Nc7+ Kd8
17. Ne6+ $11 {est une nulle}) 12. Bxd4 e6 13. e4 b4 14. Bb5 bxc3 15. Bxc3) 6...
d6 (6... Qb6) 7. e4 Nbd7 8. Na3 g6 9. Nc4 Qd8 10. a4 Bg7 11. Bd3 (11. Qd2 h6 (
11... Nb6 12. Bd3 O-O 13. Ne2 e6 14. a5 exd5 15. axb6 dxc4 16. Bxc4 Qxb6 17.
Qxd6 Bd7 18. Qxb6 axb6 19. Kf2) 12. g4 (12. Bd3)) 11... O-O 12. g4 b6 (12... a6
13. Ne2 Rb8 14. Ng3 Qc7 15. a5 b5 16. axb6 Nxb6 17. Qc1 Nxc4 18. Bxc4 Qb6 19.
Ra2 Nd7 20. O-O a5 21. Rf2 Ne5 22. Bxe5 Bxe5 23. f4 Bg7 24. Qd1 Ba6 25. Bxa6
Qxa6 26. g5 h5 27. gxh6 Bxh6 28. Qf3 a4 29. Rg2 Qc4 30. Ra1 Rb7 31. f5 Bg7 32.
Qg4 Rxb2 33. Rf1 Rxg2+ 34. Kxg2 a3 35. fxg6 a2 36. gxf7+ Rxf7 37. Qc8+ Rf8 38.
Rxf8+ Bxf8 39. Qe6+ Kh8 40. Qh3+ Kg8 {1/2-1/2 (40) Vitak,P (2129)-Blecha,M 
(2183) Czechia 2002}) 13. Qd2 Re8 14. Ne2 Ba6 $5 {Partie:} 15. Nxd6 (15. h4
Bxc4 (15... Qc8 16. Bg3 h6 $16 {[%eval 75,18]}) 16. Bxc4 a6 $16 {[%eval 72,20]}
) (15. Ng3 Bb7 (15... Qc8 16. g5 Nh5 $16) 16. g5 Nh5 $16 {[%eval 103,18]})
15... exd6 (15... Ne5 16. Bxe5 exd6 $18 {[%eval 169,21]}) (15... Bxd3 16. Nxe8
Bxe2 17. Nxf6+ Nxf6 18. Qxe2) 16. Bxa6 $16 {[%eval 146,17]} Ne5 $16 {[%eval
139,18]} 17. Bxe5 Rxe5 18. O-O-O Qc7 19. Rdg1 Nd7 20. Bb5 a6 21. Bxd7 Qxd7 22.
Qc2 b5 23. axb5 axb5 24. Kd2 Ree8 25. Ke3 Ra4 26. b3 Ra3 27. Ra1 Rea8 28. Rxa3
Rxa3 29. Rb1 Qa7 30. c4 b4 31. Nc1 Qe7 32. Kf2 Qh4+ 33. Kg2 {(=)} Be5 34. Kh1
Qe1+ 35. Kg2 Qe3 36. Qe2 Qf4 37. Kh1 Qf6 38. Nd3 Bd4 39. Kg2 Qe7 40. Nc1 g5 41.
Qc2 {(=)} f6 42. Nd3 Qa7 43. Nc1 Kg7 44. Kh3 Be5 45. Kg2 Qf7 46. Nd3 {(=)} Bd4
47. Kh1 Qg6 48. Kg2 Qh6 49. h3 Qh4 50. Qe2 Qh6 51. Qc2 Qg6 52. Qd2 h6 53. Kg3
h5 54. Qe2 h4+ 55. Kg2 Qe8 56. Qd2 Qa8 57. Nc1 Be5 58. Qc2 Qa7 59. Kf2 {(=)}
Bd4+ 60. Kg2 Qe7 61. Nd3 {(=)} Bc3 62. Kf2 Be5 63. Kg2 Bd4 64. Kh2 {(=)} Kf7
65. Kg2 Qa7 66. Nc1 Be5 67. Kf2 Bf4 68. Kg2 Qa5 69. Kf2 {(=)} Bxc1 70. Qxc1
Ra2+ 71. Kg1 Qa7 72. e5 dxe5 73. d6 Qd7 74. Qd1 Ra6 75. Qd5+ Kg7 76. Rd1 Rc6
77. Kg2 Rc8 78. Ra1 Kg6 (78... Kh6 79. Ra5 Rd8 80. Rxc5 Qxd6 81. Qxd6 Rxd6 82.
Rb5 Rd2+ 83. Kg1 Rd3 84. Rxb4 Rxf3 85. Kg2 Rg3+ 86. Kh2 e4 87. c5 Rc3 88. Rxe4
Rc2+ 89. Kg1 Rxc5 90. Re3 f5 91. gxf5) 79. Ra5 Rd8 80. Rxc5 Qxd6 81. Qxd6 Rxd6
82. Rb5 Rd2+ 83. Kg1 Rd3 84. Rxb4 Rxf3 85. Kg2 Rg3+ 86. Kh2 e4 87. c5 Rc3 88.
Rxe4 Rc2+ 89. Kg1 Rxc5 90. Re3 f5 91. gxf5+ Kxf5 92. b4 Rc1+ 93. Kg2 Rb1 94.
Ra3 Rxb4 95. Ra2 Rb3 96. Rf2+ Ke4 97. Re2+ Re3 98. Ra2 Rg3+ 99. Kh2 Rd3 100.
Kg2 Rg3+ 101. Kh2 Kf5 102. Ra5+ Kg6 103. Ra6+ Kh5 104. Ra2 Rb3 105. Rc2 Rb5
106. Ra2 Re5 107. Rb2 Kg6 108. Rf2 Re4 109. Ra2 Kf5 110. Rf2+ Rf4 111. Ra2 Re4
112. Rf2+ Ke5 113. Kg2 Re3 114. Ra2 Kf4 115. Ra4+ Re4 116. Ra2 g4 117. hxg4
Kxg4 118. Rb2 Rf4 119. Ra2 Rb4 120. Rc2 h3+ 121. Kh2 Kh4 122. Ra2 1/2-1/2

[Event "8e Festival de Vaujany 2017 - accession"]
[Site "?"]
[Date "2017.07.21"]
[Round "9.7"]
[White "Masalles, Pierre"]
[Black "De Muyser, Xavier"]
[Result "1-0"]
[WhiteElo "1719"]
[BlackElo "1757"]
[PlyCount "59"]
[SourceDate "2017.07.14"]

1. d4 d6 2. Nf3 f5 3. Bf4 (3. g3) (3. c4) (3. Nc3) 3... g6 (3... Nf6) 4. Nbd2
Nf6 5. e3 Bg7 6. Bc4 d5 7. Bb3 Ne4 8. c4 c6 9. cxd5 cxd5 10. Rc1 Nc6 11. O-O
O-O 12. Nxe4 fxe4 13. Ng5 (13. Ne5 Nxe5 14. Bxe5 Bxe5 15. dxe5 e6 $14) 13... e6
14. f3 Rxf4 (14... Nxd4 15. fxe4 Nxb3 16. Qxb3 $11 {[%eval -12,20]}) 15. exf4
Bxd4+ (15... e3 $17 {[%eval -90,16]} 16. Re1 $17 {[%eval -74,19]} Qb6 17. Kh1 (
17. Rxe3 Bxd4 $19) 17... Bxd4) 16. Kh1 Be3 17. fxe4 Bxc1 18. Qxc1 Nd4 19. Qc3
Nxb3 20. Qxb3 h6 21. Nf3 b6 22. Ne5 Ba6 23. Rd1 Be2 24. Rd2 Qc7 25. Rc2 Bc4 26.
Qh3 dxe4 $4 27. Rxc4 Qd6 28. Qg4 g5 29. Rc6 e3 30. Rxd6 1-0

[Event "8e Festival de Vaujany 2017 - accession"]
[Site "?"]
[Date "2017.07.21"]
[Round "9.10"]
[White "Juncker, Jules"]
[Black "Sudomir, Jean Denis"]
[Result "1/2-1/2"]
[WhiteElo "1699"]
[BlackElo "1774"]
[PlyCount "73"]
[SourceDate "2017.07.14"]

1. d4 f5 2. c4 g6 3. Nf3 Nf6 4. g3 Bg7 5. Bg2 c6 6. Nc3 a5 7. O-O O-O 8. Bf4 d6
9. Qd2 Na6 10. Rfd1 Nc7 11. Bh6 Bd7 12. Bxg7 Kxg7 13. Qc2 Rb8 14. c5 Ncd5 15.
Nd2 Nb4 16. Qc1 b5 17. cxb6 Qxb6 18. Nc4 Qa7 19. a3 Nbd5 20. Nxd5 cxd5 21. Ne3
Ba4 22. Rd3 Qb7 23. Rb1 Bb3 24. Qd2 a4 25. Rc3 Rfc8 26. h4 Qa6 27. Bf3 Rxc3 28.
bxc3 Rc8 29. Rc1 Ne4 30. Bxe4 dxe4 31. d5 Qb6 32. c4 Qc5 33. Qb2+ Kf7 34. Kg2
Rc7 35. Rc3 Rb7 36. Qc1 Rc7 37. Kf1 1/2-1/2

[Event "8e Festival de Vaujany 2017 - accession"]
[Site "?"]
[Date "2017.07.21"]
[Round "9.40"]
[White "Shin , Jae Yeol"]
[Black "Jarrand, Daniel"]
[Result "0-1"]
[WhiteElo "1824"]
[BlackElo "1437"]
[PlyCount "28"]
[SourceDate "2017.07.14"]

1. e4 e5 2. Bc4 Nf6 3. Nc3 Bc5 4. Nf3 d6 5. Ng5 O-O 6. O-O h6 7. Nf3 Bg4 8. h3
Bh5 9. d3 Nc6 10. Nd5 Nd4 11. g4 Nxg4 12. hxg4 Bxg4 13. Be3 Bxf3 14. Qd2 Qh4
0-1